| 000 | 01507aam a2200361 a 4500 | ||
|---|---|---|---|
| 001 | 001281005 | ||
| 003 | AR-RoUNCS | ||
| 005 | 20260417145913.0 | ||
| 007 | ta | ||
| 008 | 130524s2012 ag gr 001 j spa d | ||
| 020 | _a978-987-1565-31-3 | ||
| 040 |
_aAR-BaBN _bspa _cAR-RoUNCS |
||
| 080 | 0 | _a82-34(7+8) SI573 | |
| 245 | 0 | 0 |
_aSiete fantásticos latinoamericanos / _cJulio Cortázar ... [et al.]. |
| 250 | _a1a ed. | ||
| 260 |
_aBuenos Aires : _bLetra Impresa, _c2012. |
||
| 300 |
_a89 p. ; _c20 cm. |
||
| 490 | 0 | _aColección Generación Z | |
| 500 | _aIncluye actividades y bibliografía de apoyo. | ||
| 505 | 0 | 0 |
_tEspantos de agosto / _rGabriel García Márquez -- _tNadar de noche / _rJuan Forn -- _tLa Nueva California _rAlfonso Lima Barreto -- _tReunión con un círculo rojo / _rJulio Cortázar -- _tEl hombre muerto / _rLeopoldo Lugones -- _tLos espías / _rManuel Mujica Lainez -- _tEl lobisón / _rHoracio Quiroga -- |
| 521 | 1 | _aLectura sugerida a partir de los 13 años. | |
| 650 | 4 |
_aLITERATURA LATINOAMERICANA _ySIGLO XX |
|
| 655 | 4 | _aCUENTOS | |
| 700 | 1 |
_aGarcía Márquez, Gabriel, _d(1927-2014), _eautor |
|
| 700 | 1 |
_aForn, Juan, _d(1959-2021), _eautor |
|
| 700 | 1 |
_aBarreto, Lima, _d(1881-1922) _eautor |
|
| 700 | 1 |
_aCortázar, Julio, _d(1914-1984), _eautor |
|
| 700 | 1 |
_aLugones, Leopoldo, _d(1874-1938), _eautor |
|
| 700 | 1 |
_aMujica Lainez, Manuel, _d(1910-1984), _eautor |
|
| 700 | 1 |
_aQuiroga, Horacio, _d(1878-1937), _eautor |
|
| 700 | 1 |
_aMedina, Claudia, _etraductora |
|
| 942 |
_2udc _cOG _n0 |
||
| 999 |
_c651 _d651 |
||